[Event "V Weekend A Dicembrino"]
[Site "Vimercate ITA"]
[Date "2011.11.26"]
[Round "3"]
[White "Sala, Giovanni"]
[Black "Marino, Marco"]
[WhiteElo "1985"]
[BlackElo "1779"]
[Result "1-0"]
[PlyCount "85"]
[EventDate "2011.11.25"]

1. c4 e6 2. g3 d5 3. Nf3 c5 4. Bg2 Nc6 5. O-O Nf6 6. b3 Be7 7. e3 O-O 8. Bb2
Qd6 9. cxd5 exd5 10. d4 b6 11. Nc3 Ba6 12. Re1 c4 13. bxc4 Bxc4 14. Ne5 Ba6 15.
Nxc6 Qxc6 16. Rc1 Qd7 17. a3 Rac8 18. f3 Rfd8 19. Qa4 Qxa4 20. Nxa4 Rxc1 21.
Rxc1 Rc8 22. Rxc8+ Bxc8 23. Nc3 Ba6 24. Kf2 Kf8 25. Bf1 Bxf1 26. Kxf1 a5 27.
Ke2 Ke8 28. a4 Kd7 29. Kd3 Kc6 30. e4 Bb4 31. Nb5 Ne8 32. e5 Nc7 33. Nxc7 Kxc7
34. Kc2 Kc6 35. f4 g6 36. g4 Kd7 37. f5 Kc6 38. Bc1 Be7 39. Bd2 b5 40. Kb3 Kb6
41. Bh6 b4 42. f6 Bd8 43. e6 1-0

[Event "V Weekend A Dicembrino"]
[Site "Vimercate ITA"]
[Date "2011.11.26"]
[Round "3"]
[White "Salvador, Roland"]
[Black "Lapiccirella, Mattia"]
[WhiteElo "2500"]
[BlackElo "2209"]
[Result "1-0"]
[PlyCount "67"]
[EventDate "2011.11.25"]

1. d4 Nf6 2. Nf3 g6 3. c4 Bg7 4. Nc3 O-O 5. e4 d6 6. Be2 c5 7. d5 e6 8. dxe6
Bxe6 9. Bf4 Qb6 10. Rb1 Nc6 11. O-O Rfd8 12. a3 Nd4 13. Nxd4 cxd4 14. Nd5 Nxd5
15. exd5 Bf5 16. Bd3 Bxd3 17. Qxd3 a5 18. b3 Rac8 19. h4 Qc5 20. a4 Re8 21.
Rfe1 Be5 22. Bd2 f5 23. h5 Kf7 24. Qh3 Bg7 25. Bg5 Qb4 26. Red1 Qc3 27. Qh2 Be5
28. hxg6+ hxg6 29. Qh7+ Bg7 30. Bh6 d3 31. Rxd3 Re1+ 32. Rxe1 Qxe1+ 33. Kh2 Rg8
34. Rg3 1-0

[Event "V Weekend A Dicembrino"]
[Site "Vimercate ITA"]
[Date "2011.11.26"]
[Round "3"]
[White "Scarpellini, Felice"]
[Black "Marchesotti, Giovanni"]
[WhiteElo "1777"]
[BlackElo "1597"]
[Result "1/2-1/2"]
[PlyCount "54"]
[EventDate "2011.11.25"]

1. c4 f5 2. Nc3 Nf6 3. g3 d6 4. Bg2 c6 5. e3 g6 6. Nge2 Bg7 7. O-O O-O 8. d4 e5
9. b3 Be6 10. Bb2 Nbd7 11. d5 cxd5 12. Nxd5 Rb8 13. Nec3 Nb6 14. Ba3 Nfxd5 15.
cxd5 e4 16. dxe6 Bxc3 17. Bxd6 Qf6 18. e7 Rfe8 19. Bxb8 Rxb8 20. Rc1 Bb4 21.
Rc7 Bxe7 22. Qc2 Bd6 23. Rc3 Be5 24. Rc5 Bd6 25. Rc3 Be5 26. Rc5 Bd6 27. Rc3
Be5 1/2-1/2

[Event "V Weekend A Dicembrino"]
[Site "Vimercate ITA"]
[Date "2011.11.26"]
[Round "3"]
[White "Stucchi, Gaia"]
[Black "Battistini, Ercole"]
[WhiteElo "1356"]
[BlackElo "1900"]
[Result "0-1"]
[PlyCount "130"]
[EventDate "2011.11.25"]

1. e4 c5 2. Nf3 d6 3. c3 Nc6 4. Bb5 Bd7 5. d4 cxd4 6. cxd4 e6 7. Nc3 a6 8. Ba4
b5 9. Bb3 Na5 10. Bc2 Ne7 11. O-O Rc8 12. Bf4 Ng6 13. Bg3 Be7 14. Rc1 O-O 15.
h3 Nc4 16. b3 Nb6 17. Qd2 d5 18. e5 Bb4 19. Bxg6 hxg6 20. a3 Bxa3 21. Rc2 Bb4
22. Bf4 a5 23. Qd3 a4 24. bxa4 bxa4 25. Bd2 Nc4 26. Rb1 Qa5 27. Na2 Bxd2 28.
Nxd2 Nxd2 29. Rxd2 Rc4 30. Rc2 Rxc2 31. Qxc2 Rc8 32. Qb2 Qc7 33. Rc1 Qb8 34.
Rxc8+ Qxc8 35. Nc3 Qc4 36. Nb1 Qb3 37. Qa1 Qd1+ 38. Kh2 Bb5 39. Qb2 Qb3 40. Qc1
Bc4 41. Nd2 Qa2 42. Nb1 Qxf2 43. Qc3 Bf1 44. Qd2 Qxd2 45. Nxd2 a3 46. Nb3 Kf8
47. Kg1 Bc4 48. Na1 f6 49. Kf2 fxe5 50. dxe5 Ke7 51. Ke3 Kd7 52. Kd4 Kc6 53. g3
Kb5 54. Nc2 a2 55. Na1 Ka4 56. Kc3 Ka5 57. Kd4 Kb5 58. g4 g5 59. Nc2 Bf1 60.
Ke3 Bxh3 61. Kf3 Kc4 62. Ke3 Kc3 63. Na1 Kb2 64. Kd2 Kxa1 65. Kc1 Bxg4 0-1

[Event "V Weekend A Dicembrino"]
[Site "Vimercate ITA"]
[Date "2011.11.26"]
[Round "3"]
[White "Tahiraj, Almir"]
[Black "Gojani, Mentor"]
[WhiteElo "1799"]
[BlackElo "2041"]
[Result "1/2-1/2"]
[PlyCount "38"]
[EventDate "2011.11.25"]

1. d4 f5 2. g3 d5 3. c4 e6 4. cxd5 exd5 5. Bg2 c6 6. Nf3 Bd6 7. Bf4 Nf6 8. Nc3
O-O 9. O-O Ne4 10. e3 h6 11. a3 g5 12. Bxd6 Qxd6 13. Ne5 Nd7 14. f4 g4 15. Nxe4
dxe4 16. b4 h5 17. h4 a6 18. Qb3+ Qd5 19. Qxd5+ cxd5 1/2-1/2

[Event "V Weekend A Dicembrino"]
[Site "Vimercate ITA"]
[Date "2011.11.26"]
[Round "3"]
[White "Valsecchi, Alessio"]
[Black "Gemelli, Giovanni"]
[WhiteElo "2376"]
[BlackElo "1759"]
[Result "1-0"]
[PlyCount "59"]
[EventDate "2011.11.25"]

1. d4 Nf6 2. c4 g6 3. Nf3 Bg7 4. Nc3 O-O 5. g3 d6 6. Bg2 c5 7. d5 a6 8. a4 Nbd7
9. O-O Ng4 10. h3 Nge5 11. Nd2 Nf6 12. f4 Ned7 13. Kh2 Re8 14. e4 Qc7 15. Ra3
Rb8 16. Re1 e6 17. dxe6 fxe6 18. Nf3 Nb6 19. Qd3 Rd8 20. a5 Na8 21. Rd1 Bd7 22.
Qxd6 Qxd6 23. Rxd6 Kf7 24. Be3 Rbc8 25. Rb3 Ke7 26. e5 Ne8 27. Rd2 Rc7 28. Ng5
h6 29. Nge4 Kf7 30. Nxc5 1-0

[Event "V Weekend A Dicembrino"]
[Site "Vimercate ITA"]
[Date "2011.11.26"]
[Round "3"]
[White "Villa, Giorgio"]
[Black "Tassini, Marco"]
[WhiteElo "1924"]
[BlackElo "1867"]
[Result "1-0"]
[PlyCount "43"]
[EventDate "2011.11.25"]

1. d4 Nf6 2. Nf3 g6 3. c4 Bg7 4. g3 O-O 5. Bg2 c5 6. O-O cxd4 7. Nxd4 Qc7 8. b3
a6 9. Bb2 d6 10. Nc3 e6 11. Rc1 Bd7 12. Qd2 Rd8 13. Rfd1 Nc6 14. Nd5 exd5 15.
cxd5 Be8 16. dxc6 b5 17. Bc3 Rdc8 18. Ba5 Qe7 19. c7 d5 20. Bh3 Bd7 21. Nc6 Qd6
22. Bb4 1-0

[Event "V Weekend A Dicembrino"]
[Site "Vimercate ITA"]
[Date "2011.11.27"]
[Round "4"]
[White "Altieri, Alberto"]
[Black "Mandaglio, Luca"]
[WhiteElo "1573"]
[BlackElo "1769"]
[Result "1/2-1/2"]
[PlyCount "133"]
[EventDate "2011.11.25"]

1. e4 c6 2. Nf3 d5 3. exd5 cxd5 4. d4 Nf6 5. Nc3 e6 6. Bb5+ Bd7 7. Bxd7+ Nbxd7
8. Bg5 Qc7 9. O-O Bb4 10. Re1 a6 11. Qd3 Rc8 12. Bd2 Bxc3 13. Bxc3 Ne4 14. Re3
Nxc3 15. bxc3 Qc4 16. Qd1 O-O 17. Nd2 Qa4 18. Nb3 b6 19. Qc1 Nf6 20. f3 Rc7 21.
Qb2 Rb8 22. Nc5 Qa5 23. c4 Rxc5 24. dxc5 Qxc5 25. Qa3 Qxc4 26. Kh1 d4 27. Qb3
Rc8 28. Rd3 Nd5 29. Rad1 Qxc2 30. Rxd4 g6 31. Qxc2 Rxc2 32. R4d2 Rc3 33. Rb2
Kg7 34. Kg1 a5 35. Rd4 Kf6 36. a4 Ke5 37. Re4+ Kd6 38. Kf2 g5 39. h4 h6 40. g3
f5 41. Rd4 Ke5 42. Rbd2 Rc5 43. R2d3 Rc2+ 44. Rd2 Rc3 45. R2d3 Rc8 46. hxg5
hxg5 47. Rd1 Rh8 48. R4d2 f4 49. Re1+ Kf6 50. Rg1 Rc8 51. gxf4 gxf4 52. Rd4
Rc2+ 53. Ke1 Kf5 54. Rg8 Ne3 55. Rf8+ Ke5 56. Re4+ Kd6 57. Re8 Nd5 58. R4xe6+
Kd7 59. Re5 Ra2 60. Re4 Nc3 61. R4e7+ Kd6 62. Rf7 Rxa4 63. Kd2 Nd5 64. Rd8+ Ke5
65. Rb7 Rd4+ 66. Ke1 Rd3 67. Re8+ 1/2-1/2

[Event "V Weekend A Dicembrino"]
[Site "Vimercate ITA"]
[Date "2011.11.27"]
[Round "4"]
[White "Attuati, Luca"]
[Black "Lancianese, Giuseppe"]
[WhiteElo "1427"]
[BlackElo "1717"]
[Result "1/2-1/2"]
[PlyCount "81"]
[EventDate "2011.11.25"]

1. e4 d5 2. exd5 Nf6 3. c3 Nxd5 4. d4 e6 5. Nf3 Bd6 6. Qc2 O-O 7. Bd3 h6 8. O-O
Nd7 9. Na3 b6 10. Nc4 Bb7 11. Re1 Bf4 12. Nce5 Bxc1 13. Raxc1 N7f6 14. h3 Nf4
15. Bf1 Qd6 16. g3 N4d5 17. Bg2 Rab8 18. Nh2 Rbd8 19. Qe2 Rb8 20. a3 c5 21.
dxc5 Qxc5 22. c4 Ne7 23. Bxb7 Rxb7 24. b4 Qc7 25. Red1 Nc6 26. Neg4 Nxg4 27.
Nxg4 Rbb8 28. Rd2 Rbd8 29. Rcd1 Rxd2 30. Rxd2 Rd8 31. Rxd8+ Qxd8 32. Qf3 Qc7
33. Qd3 h5 34. Nh2 Ne5 35. Qe4 f5 36. Qa8+ Kf7 37. Qh8 Kg6 38. Qe8+ Nf7 39.
Qxe6+ Kh7 40. Qxf5+ g6 41. Qd5 1/2-1/2

[Event "V Weekend A Dicembrino"]
[Site "Vimercate ITA"]
[Date "2011.11.27"]
[Round "4"]
[White "Battistini, Ercole"]
[Black "Bosi, Gianfranco"]
[WhiteElo "1900"]
[BlackElo "1499"]
[Result "1-0"]
[PlyCount "79"]
[EventDate "2011.11.25"]

1. d4 d5 2. c4 e6 3. Nc3 Nf6 4. Bg5 Nbd7 5. e3 c6 6. Nf3 Qa5 7. Bxf6 Nxf6 8.
Nd2 Bb4 9. Qc2 O-O 10. Nb3 Qc7 11. a3 Be7 12. cxd5 exd5 13. Bd3 Be6 14. Nd2 a5
15. Nf3 h6 16. Rc1 Rac8 17. O-O Bd6 18. h3 Qe7 19. e4 dxe4 20. Nxe4 Bb8 21.
Rfe1 Nxe4 22. Bxe4 Qd6 23. Qc5 f5 24. Bd3 Qd5 25. Rxe6 Qxe6 26. Bc4 Rce8 27.
Bxe6+ Rxe6 28. Qc4 Rfe8 29. Re1 Kf7 30. Rxe6 Rxe6 31. Ne5+ Ke7 32. f4 Bd6 33.
Qb3 b5 34. Nxc6+ Kd7 35. Ne5+ Ke7 36. Qxb5 Bxe5 37. dxe5 Rg6 38. Qxa5 Rg3 39.
Qc7+ Kf8 40. e6 1-0

[Event "V Weekend A Dicembrino"]
[Site "Vimercate ITA"]
[Date "2011.11.27"]
[Round "4"]
[White "Bonassi, Tommaso"]
[Black "Brociner, Beniamino"]
[WhiteElo "1843"]
[BlackElo "1941"]
[Result "1-0"]
[PlyCount "139"]
[EventDate "2011.11.25"]

1. e4 c5 2. Nf3 d6 3. d4 cxd4 4. Nxd4 Nf6 5. Nc3 a6 6. f3 e5 7. Nb3 Be6 8. Be3
h5 9. Qd2 Nbd7 10. Nd5 Bxd5 11. exd5 g6 12. c4 b6 13. Bd3 Bg7 14. O-O O-O 15.
Bh6 Nc5 16. Bxg7 Kxg7 17. Nxc5 bxc5 18. Bc2 Rb8 19. Rab1 Qc7 20. f4 exf4 21. h3
Nd7 22. Qc3+ Ne5 23. Rxf4 Kg8 24. Rbf1 Qb6 25. b3 Qb4 26. Qg3 Kg7 27. Rf6 Qb6
28. Qg5 Qd8 29. Bd1 Nd7 30. R6f5 Qxg5 31. Rxg5 Nf6 32. Rg3 Rbe8 33. Rgf3 Nd7
34. Rg3 Re5 35. Rff3 Re1+ 36. Rf1 Rxf1+ 37. Kxf1 Nf6 38. Re3 Re8 39. Rxe8 Nxe8
40. a3 a5 41. Ke1 Kf6 42. Kd2 Nc7 43. Kc3 Na6 44. Kd3 Ke5 45. Ke3 h4 46. Bg4 f5
47. Bf3 Nb8 48. Kd3 Kf4 49. Kc3 Na6 50. Kd2 Kg3 51. Ke1 g5 52. Kf1 g4 53. hxg4
fxg4 54. Be4 Kf4 55. Bg6 Nb8 56. Be8 Ke3 57. Ba4 Kd3 58. Kf2 Kc3 59. Ke3 Kb2
60. Kf4 h3 61. gxh3 gxh3 62. Kg3 Kxa3 63. Kxh3 Na6 64. Kg4 Nb4 65. Kf5 Nxd5 66.
cxd5 c4 67. bxc4 Kxa4 68. c5 Kb3 69. cxd6 Kb4 70. Ke6 1-0

[Event "V Weekend A Dicembrino"]
[Site "Vimercate ITA"]
[Date "2011.11.27"]
[Round "4"]
[White "Brambilla, Luca Massimo"]
[Black "Mondal, Prince"]
[WhiteElo "1621"]
[BlackElo "1786"]
[Result "1-0"]
[PlyCount "118"]
[EventDate "2011.11.25"]

1. d4 Nf6 2. Nf3 e6 3. c4 c5 4. d5 exd5 5. cxd5 d6 6. Nc3 g6 7. e4 Bg7 8. Qc2
O-O 9. Be2 a6 10. a4 Re8 11. O-O h6 12. Bf4 Nh5 13. Be3 f5 14. exf5 Bxf5 15.
Bd3 Bxd3 16. Qxd3 Qf6 17. a5 Nd7 18. Rab1 Kh7 19. Bd2 Nf4 20. Bxf4 Qxf4 21.
Rfe1 Ne5 22. Nxe5 Bxe5 23. g3 Qf6 24. f4 Bd4+ 25. Kg2 Qf7 26. Qf3 Qc7 27. Re6
Rxe6 28. dxe6 Re8 29. f5 Kg7 30. Nd5 Qd8 31. Rf1 Bf6 32. Nxf6 Qxf6 33. Qxb7+
Re7 34. Qf3 Qxb2+ 35. Kh3 Qf6 36. g4 c4 37. Qc6 Rxe6 38. Qxc4 Re3+ 39. Kg2 Qb2+
40. Rf2 Qb7+ 41. Kg1 Re1+ 42. Rf1 Rxf1+ 43. Qxf1 Qa7+ 44. Kg2 gxf5 45. Qxf5
Qb7+ 46. Qf3 Qb2+ 47. Kh3 Qb5 48. Qc3+ Kg6 49. Qc2+ Kf6 50. Qf2+ Ke6 51. Qe3+
Kd7 52. Qxh6 Qxa5 53. Qh7+ Kc6 54. Qc2+ Kb6 55. Qb3+ Qb5 56. Qxb5+ axb5 57. g5
b4 58. g6 b3 59. g7 b2 1-0

[Event "V Weekend A Dicembrino"]
[Site "Vimercate ITA"]
[Date "2011.11.27"]
[Round "4"]
[White "Calandriello, Michele"]
[Black "Fornari, Sergio"]
[WhiteElo "1614"]
[BlackElo "1661"]
[Result "0-1"]
[PlyCount "90"]
[EventDate "2011.11.25"]

1. d4 g6 2. c4 Bg7 3. Nc3 d6 4. e4 Nd7 5. Nf3 e5 6. Be2 Ne7 7. h4 exd4 8. Nxd4
a6 9. h5 Ne5 10. Be3 Bd7 11. f4 N5c6 12. g4 Ng8 13. g5 h6 14. hxg6 fxg6 15.
Nxc6 Bxc6 16. Qd2 Qe7 17. Bd4 O-O-O 18. Bg4+ Kb8 19. Bf3 Qf8 20. Bxg7 Qxg7 21.
O-O-O Ne7 22. Nd5 Nxd5 23. exd5 Ba4 24. Rde1 h5 25. Re3 Rde8 26. Rhe1 Rxe3 27.
Rxe3 Re8 28. Rxe8+ Bxe8 29. Qe3 Qd7 30. b3 Qf7 31. Qe4 Bd7 32. Qe3 Bf5 33. Bh1
Qd7 34. Kd2 h4 35. Qd4 h3 36. Bf3 Bg4 37. Be4 Qe7 38. Qd3 Qf7 39. Qe3 Qh7 40.
Kc2 h2 41. Bh1 Bf5+ 42. Kb2 Qh8+ 43. Ka3 Qa1 44. Qf3 Qc1+ 45. Kb4 a5+ 0-1

[Event "V Weekend A Dicembrino"]
[Site "Vimercate ITA"]
[Date "2011.11.27"]
[Round "4"]
[White "Calvi, Luca"]
[Black "Biava, Pierluigi"]
[WhiteElo "1723"]
[BlackElo "1668"]
[Result "0-1"]
[PlyCount "132"]
[EventDate "2011.11.25"]

1. d4 Nf6 2. c4 e6 3. Nc3 Bb4 4. e3 O-O 5. a3 Bxc3+ 6. bxc3 d6 7. Bd3 b6 8. Nf3
Nc6 9. O-O Na5 10. Re1 Ba6 11. e4 Bxc4 12. Bxc4 Nxc4 13. Qd3 b5 14. Nd2 Nxd2
15. Bxd2 Qd7 16. Re3 e5 17. d5 c5 18. Rg3 Ne8 19. f4 f6 20. Rf1 c4 21. Qf3 Rf7
22. Rh3 a5 23. f5 g5 24. fxg6 hxg6 25. Rg3 Kh7 26. Qe3 Qa7 27. Rh3+ Kg7 28.
Qxa7 Raxa7 29. Rb1 Rab7 30. Rf1 g5 31. Rg3 Kf8 32. h4 gxh4 33. Rg4 Rh7 34. Bg5
Rbg7 35. Rxh4 Ke7 36. Rxh7 Rxh7 37. Be3 Rh4 38. Bb6 Rxe4 39. Bxa5 Re2 40. Rb1
Ra2 41. Rxb5 Rxa3 42. Rb7+ Kf8 43. Bb4 Ra6 44. Rb8 f5 45. Rc8 Ra1+ 46. Kh2 Ke7
47. Rxc4 Rd1 48. Rh4 Rxd5 49. Rh7+ Ke6 50. Rh4 Nf6 51. Rh6 f4 52. Kg1 e4 53.
Kf1 Rh5 54. Rxf6+ Kxf6 55. Bxd6 Kf5 56. c4 Rh1+ 57. Ke2 Rc1 58. c5 Rc2+ 59. Kf1
Kg4 60. Ke1 f3 61. gxf3+ Kxf3 62. Kd1 Rc4 63. Be7 e3 64. Bh4 Rxc5 65. Be1 Rd5+
66. Kc2 Ke2 0-1

[Event "V Weekend A Dicembrino"]
[Site "Vimercate ITA"]
[Date "2011.11.27"]
[Round "4"]
[White "Ciochetta, Giovanni"]
[Black "Scarpellini, Felice"]
[WhiteElo "1584"]
[BlackElo "1777"]
[Result "0-1"]
[PlyCount "131"]
[EventDate "2011.11.25"]

1. e4 d6 2. d4 g6 3. Nc3 Bg7 4. Nf3 a6 5. Be3 b5 6. a3 Bb7 7. Be2 Nf6 8. e5 Nd5
9. Nxd5 Bxd5 10. exd6 cxd6 11. O-O O-O 12. Qd2 Nd7 13. Bh6 Nf6 14. Bxg7 Kxg7
15. c3 Qc7 16. h3 Rac8 17. Rac1 e5 18. Nh2 Qb7 19. f3 Nh5 20. Ng4 f5 21. Ne3
Bf7 22. Rcd1 Nf4 23. Rf2 Nxe2+ 24. Rxe2 Rfe8 25. h4 Qe7 26. g3 h5 27. Rde1 f4
28. gxf4 Qxh4 29. Ng2 Qg3 30. fxe5 Bc4 31. Re3 dxe5 32. Rxe5 Rxe5 33. Rxe5 Rc7
34. Qe3 Rf7 35. Re7 Bd5 36. Rxf7+ Kxf7 37. Qf4+ Qxf4 38. Nxf4 Bxf3 39. Kf2 Bg4
40. Nd5 g5 41. Nc7 Bc8 42. b3 Ke7 43. c4 Kd6 44. Ne8+ Ke7 45. Ng7 h4 46. cxb5
axb5 47. a4 bxa4 48. bxa4 Kd6 49. Nh5 Kd5 50. Ke3 Ke6 51. a5 Kf7 52. d5 Ke7 53.
Ke4 Kd6 54. Nf6 h3 55. Kf3 Ke5 56. Nh7 Bg4+ 57. Kg3 Kxd5 58. Nf6+ Kc6 59. Ne4
Bf5 60. Nc3 Bc8 61. Kh2 Kc5 62. Ne4+ Kd4 63. Nd6 Ba6 64. Nf5+ Ke5 65. Ne3 Kf4
66. Nf1 0-1

[Event "V Weekend A Dicembrino"]
[Site "Vimercate ITA"]
[Date "2011.11.27"]
[Round "4"]
[White "Coppola, Federico"]
[Black "Marzo, Matteo"]
[WhiteElo "1858"]
[BlackElo "1603"]
[Result "1-0"]
[PlyCount "95"]
[EventDate "2011.11.25"]

1. e4 e5 2. Nf3 Nc6 3. Bb5 a6 4. Bxc6 dxc6 5. O-O Bg4 6. h3 h5 7. d3 Bd6 8.
Nbd2 Bxf3 9. Nxf3 f6 10. d4 exd4 11. Qxd4 Be7 12. Be3 Qxd4 13. Bxd4 O-O-O 14.
Rad1 b6 15. Nh4 Nh6 16. Ng6 Rhe8 17. Be3 Nf7 18. Nxe7+ Rxe7 19. Rxd8+ Kxd8 20.
f3 Nd6 21. Rd1 Rd7 22. Kh2 c5 23. Rd2 Nc4 24. Rxd7+ Kxd7 25. Bc1 Ke6 26. Kg3 g6
27. h4 Nd6 28. Kf4 Nf7 29. Ke3 c6 30. g4 Nd6 31. gxh5 gxh5 32. b3 Nf7 33. Bb2
Ke7 34. f4 Ke6 35. f5+ Ke7 36. Kf4 a5 37. a4 b5 38. c4 bxc4 39. bxc4 Nd6 40.
Bxf6+ Kxf6 41. e5+ Ke7 42. exd6+ Kxd6 43. Kg5 Ke5 44. f6 Kd4 45. f7 Kxc4 46.
f8=Q Kb4 47. Kxh5 Kxa4 48. Qxc5 1-0

[Event "V Weekend A Dicembrino"]
[Site "Vimercate ITA"]
[Date "2011.11.27"]
[Round "4"]
[White "Corno, Sergio"]
[Black "Villa, Giorgio"]
[WhiteElo "1965"]
[BlackElo "1924"]
[Result "1/2-1/2"]
[PlyCount "39"]
[EventDate "2011.11.25"]

1. Nf3 d5 2. b3 Nf6 3. Bb2 Bf5 4. e3 e6 5. d4 Bd6 6. Bd3 Bxd3 7. cxd3 c5 8.
dxc5 Bxc5 9. O-O O-O 10. Nbd2 Nbd7 11. Qe2 Qe7 12. a3 Rac8 13. Rfc1 Bd6 14. b4
Rxc1+ 15. Rxc1 a5 16. bxa5 Bxa3 17. Nb3 Qb4 18. Bxa3 Qxa3 19. Qc2 b6 20. axb6
1/2-1/2

[Event "V Weekend A Dicembrino"]
[Site "Vimercate ITA"]
[Date "2011.11.27"]
[Round "4"]
[White "Danin, Alexandre"]
[Black "Damia, Angelo"]
[WhiteElo "2537"]
[BlackElo "2300"]
[Result "1-0"]
[PlyCount "95"]
[EventDate "2011.11.25"]

1. e4 e5 2. Nf3 Nc6 3. d4 exd4 4. Nxd4 Nf6 5. Nxc6 bxc6 6. e5 Qe7 7. Qe2 Nd5 8.
c4 Ba6 9. b3 Qh4 10. a3 Bc5 11. g3 Bxf2+ 12. Qxf2 Qe4+ 13. Kd1 Qxh1 14. Nd2 O-O
15. Kc2 f5 16. cxd5 Bxf1 17. Bb2 Qg2 18. Rxf1 Qxf2 19. Rxf2 cxd5 20. Bd4 g6 21.
Bc5 Rfe8 22. Nf3 d6 23. exd6 cxd6 24. Bxd6 Re3 25. Bf4 Rc8+ 26. Kb2 Rd3 27. Ne5
Rd1 28. h4 Re8 29. Nc6 Ree1 30. Kc3 a6 31. Nd4 Re4 32. Rd2 Rxd2 33. Bxd2 Kf7
34. Kd3 Ke7 35. Nf3 Kd7 36. Ng5 Re7 37. Bb4 Rg7 38. Bc3 Re7 39. Bf6 Re1 40.
Nxh7 Rd1+ 41. Kc2 Rg1 42. Be5 Ke6 43. Bf4 d4 44. Kd3 Rd1+ 45. Kc4 d3 46. Ng5+
Ke7 47. Nf3 Rf1 48. Nd2 1-0

[Event "V Weekend A Dicembrino"]
[Site "Vimercate ITA"]
[Date "2011.11.27"]
[Round "4"]
[White "Falchi, Claudio"]
[Black "Colombo, Luca"]
[WhiteElo "1784"]
[BlackElo "1884"]
[Result "1/2-1/2"]
[PlyCount "91"]
[EventDate "2011.11.25"]

1. e4 c5 2. Nc3 Nc6 3. g3 g6 4. Bg2 Bg7 5. d3 d6 6. f4 Rb8 7. Nf3 b5 8. O-O Nd4
9. Rb1 Bg4 10. Ne2 Nxe2+ 11. Qxe2 Qc8 12. Be3 b4 13. Qf2 Nh6 14. d4 Bd7 15. Qd2
Ng4 16. e5 Nxe3 17. Qxe3 cxd4 18. Qxd4 dxe5 19. Nxe5 Bb5 20. Rfe1 O-O 21. Qxa7
e6 22. Rbc1 Bf6 23. c3 Bd8 24. Kh1 Bb6 25. Qe7 Qc5 26. Qxc5 Bxc5 27. c4 Be8 28.
Nd3 Bd4 29. b3 Bc3 30. Rxc3 bxc3 31. Rc1 Rc8 32. Rxc3 Bc6 33. Bxc6 Rxc6 34. b4
Ra6 35. b5 Rxa2 36. c5 Rb8 37. b6 Ra1+ 38. Kg2 Rb1 39. Ne5 Rb2+ 40. Kg1 Rc8 41.
Nd7 Ra8 42. Rc1 Raa2 43. c6 Rg2+ 44. Kf1 Rxh2 45. Kg1 Rag2+ 46. Kf1 1/2-1/2

[Event "V Weekend A Dicembrino"]
[Site "Vimercate ITA"]
[Date "2011.11.27"]
[Round "4"]
[White "Ferrari, Paolo"]
[Black "Maccarini, Luca Nicola"]
[WhiteElo "1711"]
[BlackElo "1915"]
[Result "0-1"]
[PlyCount "92"]
[EventDate "2011.11.25"]

1. d4 d5 2. c4 c6 3. Nf3 Nf6 4. Nc3 e6 5. Bg5 h6 6. Bh4 dxc4 7. e4 Be7 8. Bxc4
Nxe4 9. Nxe4 Bxh4 10. Nxh4 Qxh4 11. Nd6+ Ke7 12. Nxc8+ Rxc8 13. O-O Rd8 14. f4
Qf6 15. Qe2 Qxd4+ 16. Kh1 b5 17. Bb3 Qd2 18. Qe5 Nd7 19. Qc7 Qd6 20. Qa5 Nc5
21. Bc2 Nb7 22. Qe1 Qd2 23. Qe4 Nd6 24. Qd3 Qxd3 25. Bxd3 Nb7 26. Be4 Rd6 27.
b4 a5 28. a3 axb4 29. axb4 Ra4 30. Rxa4 bxa4 31. b5 cxb5 32. Bxb7 b4 33. Kg1 b3
34. Be4 b2 35. Bb1 Rc6 36. Re1 Rc1 37. Kf2 Rxb1 38. Rxb1 a3 39. Kf3 a2 40. Rxb2
a1=Q 41. Re2 Qf1+ 42. Rf2 Qd3+ 43. Kg4 g6 44. h4 h5+ 45. Kg5 Qg3+ 46. Kh6 Qxf2
0-1

[Event "V Weekend A Dicembrino"]
[Site "Vimercate ITA"]
[Date "2011.11.27"]
[Round "4"]
[White "Fusari, Paolo"]
[Black "Attuati, Stefano"]
[WhiteElo "1897"]
[BlackElo "2006"]
[Result "1-0"]
[PlyCount "39"]
[EventDate "2011.11.25"]

1. e4 e6 2. Nf3 d5 3. e5 c5 4. b4 cxb4 5. a3 b3 6. c3 Qb6 7. Bb2 Nc6 8. d4 Bd7
9. Bd3 Nge7 10. O-O Na5 11. Nbd2 Rc8 12. Ng5 Nc4 13. Nxc4 dxc4 14. Bxh7 Bc6 15.
Be4 Bxe4 16. Nxe4 Nf5 17. Qf3 Qd8 18. g3 Rc7 19. Rfe1 Qd5 20. Nd6+ 1-0

[Event "V Weekend A Dicembrino"]
[Site "Vimercate ITA"]
[Date "2011.11.27"]
[Round "4"]
[White "Galli, Giuliano"]
[Black "Lipari, Alberto"]
[WhiteElo "1616"]
[BlackElo "1652"]
[Result "1-0"]
[PlyCount "93"]
[EventDate "2011.11.25"]

1. e4 g6 2. d4 Nf6 3. e5 Nd5 4. c3 d6 5. f4 dxe5 6. fxe5 Bf5 7. Nf3 Nd7 8. Bd3
Bg4 9. h3 Bxf3 10. Qxf3 c6 11. O-O f6 12. exf6 N5xf6 13. Nd2 Qc7 14. Nb3 O-O-O
15. Bc4 Bg7 16. Be6 b6 17. Bf4 Qb7 18. Rae1 Rdf8 19. Qd3 Nh5 20. Bh2 g5 21.
Rxf8+ Bxf8 22. Rf1 Ng7 23. Be5 Nxe6 24. Bxh8 Nf4 25. Qxh7 c5 26. Rf2 Qd5 27.
Nc1 Qe6 28. Rf1 Qd5 29. Qc2 e5 30. dxe5 c4 31. Rd1 Bc5+ 32. Kh2 Qe6 33. Qe4 Kb8
34. Bg7 Ng6 35. Rxd7 Qxd7 36. Qxg6 Be3 37. Ne2 Qd2 38. Qe8+ Kb7 39. Qf7+ Ka6
40. Qxc4+ Kb7 41. e6 Qd6+ 42. g3 Qd2 43. Qe4+ Ka6 44. Qg2 Qe1 45. e7 Bg1+ 46.
Nxg1 Qxe7 47. Qe2+ 1-0

[Event "V Weekend A Dicembrino"]
[Site "Vimercate ITA"]
[Date "2011.11.27"]
[Round "4"]
[White "Gemelli, Giovanni"]
[Black "Stucchi, Gaia"]
[WhiteElo "1759"]
[BlackElo "1356"]
[Result "1-0"]
[PlyCount "35"]
[EventDate "2011.11.25"]

1. e4 e5 2. Nf3 Nc6 3. d4 exd4 4. Nxd4 Bc5 5. Be3 Qf6 6. c3 Nge7 7. Bc4 O-O 8.
O-O Qe5 9. Qd3 Rd8 10. Kh1 Bb6 11. f4 Qh5 12. Bb3 d6 13. Qd2 Kh8 14. f5 Ng8 15.
Rf4 Ne5 16. Bd1 Qg5 17. Rg4 Nxg4 18. Bxg5 1-0

[Event "V Weekend A Dicembrino"]
[Site "Vimercate ITA"]
[Date "2011.11.27"]
[Round "4"]
[White "Gianini, Gianluca"]
[Black "Carbone, Lorenzo"]
[WhiteElo "1484"]
[BlackElo "1736"]
[Result "0-1"]
[PlyCount "116"]
[EventDate "2011.11.25"]

1. e4 c5 2. Nf3 d6 3. h3 e6 4. Bc4 Nc6 5. d3 a6 6. a3 Be7 7. O-O Nf6 8. Bg5 O-O
9. Bxf6 Bxf6 10. c3 b5 11. Ba2 b4 12. Bb3 a5 13. Nh2 Rb8 14. Ra2 Qb6 15. Ba4 b3
16. Ra1 Ba6 17. Ng4 Be7 18. Bxc6 Qxc6 19. c4 f5 20. exf5 Rxf5 21. Nd2 a4 22.
Ne4 Bb7 23. Qe2 e5 24. f3 Rbf8 25. Ne3 R5f7 26. Nd5 Qd7 27. Nec3 Bg5 28. Ne4
Bf4 29. Nb6 Qc6 30. Nd5 Qd7 31. Nb6 Qe7 32. Nxa4 Bxe4 33. dxe4 Qh4 34. Qf2 Qg5
35. Kh1 Be3 36. Qe2 Bf4 37. Qf2 Rf6 38. Nc3 Rh6 39. Nd5 Bg3 40. Qe3 Qh4 41.
Rad1 Kh8 42. Rd3 Rg6 43. Rxb3 h6 44. a4 Rf4 45. a5 Rf7 46. a6 Kh7 47. Ra3 Ra7
48. Ra4 Bf4 49. Nxf4 exf4 50. Qf2 Rg3 51. b4 cxb4 52. Rb1 Rxh3+ 53. gxh3 Qxf2
54. Raxb4 Qxf3+ 55. Kg1 Rxa6 56. Rb5 Ra2 57. R5b2 Qxe4 58. Rxa2 Qxb1+ 0-1

[Event "V Weekend A Dicembrino"]
[Site "Vimercate ITA"]
[Date "2011.11.27"]
[Round "4"]
[White "Gojani, Mentor"]
[Black "Valsecchi, Alessio"]
[WhiteElo "2041"]
[BlackElo "2376"]
[Result "0-1"]
[PlyCount "66"]
[EventDate "2011.11.25"]

1. e4 e5 2. Nf3 Nc6 3. d4 exd4 4. Nxd4 Nf6 5. Nxc6 bxc6 6. e5 Qe7 7. Qe2 Nd5 8.
b3 Qh4 9. a3 a5 10. Qc4 Qe7 11. Qe4 g6 12. Bd3 Bg7 13. Bb2 d6 14. f4 O-O 15.
O-O Bf5 16. Qd4 Bxd3 17. cxd3 Rfe8 18. Re1 g5 19. Nd2 Nxf4 20. Nf3 c5 21. Qe3
Rab8 22. b4 cxb4 23. a4 dxe5 24. g3 Nd5 25. Qxg5 Qxg5 26. Nxg5 f5 27. Rec1 Nc3
28. Bxc3 bxc3 29. Rxc3 e4 30. Rac1 Bxc3 31. Rxc3 h6 32. Nh3 Rb1+ 33. Kf2 e3+
0-1

[Event "V Weekend A Dicembrino"]
[Site "Vimercate ITA"]
[Date "2011.11.27"]
[Round "4"]
[White "Gonella, Daniele"]
[Black "Orsucci, Marzio"]
[WhiteElo "2103"]
[BlackElo "1666"]
[Result "1-0"]
[PlyCount "55"]
[EventDate "2011.11.25"]

1. e4 c5 2. Nf3 d6 3. d4 cxd4 4. Nxd4 Nf6 5. Nc3 Nc6 6. Be2 e6 7. O-O Be7 8.
Be3 O-O 9. Qd2 a6 10. a4 Bd7 11. f4 Nxd4 12. Bxd4 Bc6 13. Qe3 Qc7 14. Qg3 Ne8
15. Bd3 f5 16. exf5 exf5 17. Rad1 Qd7 18. Bc4+ d5 19. Bb3 Bf6 20. Bc5 Nc7 21.
Bxf8 Rxf8 22. Qd3 Rd8 23. Rfe1 Kh8 24. Nxd5 Nxd5 25. Bxd5 Bxa4 26. b3 Bc6 27.
Bxc6 Qxd3 28. Rxd3 1-0